Alimentos : (Registro nro. 6269)
[ vista simple ]
| 000 -LEADER | |
|---|---|
| fixed length control field | 01292nab a22002537a 4500 |
| 003 - CONTROL NUMBER IDENTIFIER | |
| control field | OSt |
| 005 - DATE AND TIME OF LATEST TRANSACTION | |
| control field | 20260128192931.0 |
| 008 - FIXED-LENGTH DATA ELEMENTS--GENERAL INFORMATION | |
| fixed length control field | 190514b xxu||||| |||| 00| 0 spa d |
| 040 ## - CATALOGING SOURCE | |
| Transcribing agency | PJ |
| 100 ## - MAIN ENTRY--PERSONAL NAME | |
| 9 (RLIN) | 6973 |
| Personal name | Cartabia, Sabrina |
| 245 10 - TITLE STATEMENT | |
| Title | Alimentos : |
| Remainder of title | estándares de derechos humanos. Hacia una interpretación contextualizada / |
| Statement of responsibility, etc | Sabrina Cartabia, Luisina Carrizo. |
| 300 ## - PHYSICAL DESCRIPTION | |
| Extent | p. 78-86 |
| 500 ## - GENERAL NOTE | |
| General note | Cita: TR LALEY AR/DOC/2708/2025. |
| 505 ## - FORMATTED CONTENTS NOTE | |
| Formatted contents note | Sumario: I. Introducción.— II. Monteros, Tucumán "R., B. C. c. S., L. N. s/ alimentos", 23/05/2025, Expte. Nro. 68/21.— III. CCiv. y Com. Necochea, "D. N. G. c. R. L. D. s/ alimentos", 16/05/2025.— IV. Conclusión. |
| 505 ## - FORMATTED CONTENTS NOTE | |
| Title | Fallo comentado: CCiv. y Com., Necochea ~ 16/05/2025 ~ D. N. G. c. R. L. D. s/ alimentos. |
| 505 ## - FORMATTED CONTENTS NOTE | |
| Title | Fallo comentado: TGestión AsociadaFamilia, Nro. 1 Monteros ~ 23/05/2025 ~ R., B. C. c. S., L. N. s/ alimentos. |
| 650 #0 - SUBJECT ADDED ENTRY--TOPICAL TERM | |
| 9 (RLIN) | 967 |
| Topical term or geographic name as entry element | DERECHO DE FAMILIA |
| 650 #0 - SUBJECT ADDED ENTRY--TOPICAL TERM | |
| 9 (RLIN) | 968 |
| Topical term or geographic name as entry element | ALIMENTOS |
| 650 #0 - SUBJECT ADDED ENTRY--TOPICAL TERM | |
| 9 (RLIN) | 614 |
| Topical term or geographic name as entry element | DERECHOS HUMANOS |
| 650 #0 - SUBJECT ADDED ENTRY--TOPICAL TERM | |
| 9 (RLIN) | 1057 |
| Topical term or geographic name as entry element | JURISPRUDENCIA APLICABLE |
| 700 ## - ADDED ENTRY--PERSONAL NAME | |
| 9 (RLIN) | 4324 |
| Personal name | Rubaja, Nieve |
| 773 0# - HOST ITEM ENTRY | |
| Host Biblionumber | 2844 |
| Host Itemnumber | 3222 |
| Place, publisher, and date of publication | Buenos Aires : AbeledoPerrot, 1989- |
| Title | Derecho de familia. Revista Interdisciplinaria de doctrina y jurisprudencia. Diciembre 2025-VI. |
| International Standard Book Number | 18511201 |
| 942 ## - ADDED ENTRY ELEMENTS (KOHA) | |
| Source of classification or shelving scheme | |
| Koha item type | Analítica Artículo de Revista |
No hay ítems disponibles.
